[Event "Catalunya-chT Gp2"]
[Site "Barcelona"]
[Date "2017.02.11"]
[Round "4.6"]
[White "Perez Manas, Benjamin"]
[Black "Lillo Ferrer, Josep Maria"]
[Result "1-0"]
[WhiteElo "2283"]
[BlackElo "2103"]
[PlyCount "115"]
[EventDate "2017.01.21"]
[EventType "team-tourn"]
[EventRounds "7"]
[EventCountry "ESP"]
[SourceTitle "CBM 176 Extra"]
[Source "ChessBase"]
[SourceDate "2017.03.02"]
[SourceVersion "1"]
[SourceVersionDate "2017.03.02"]
[SourceQuality "1"]
[WhiteTeam "Barbera"]
[BlackTeam "Banyoles"]
[WhiteTeamCountry "ESP"]
[BlackTeamCountry "ESP"]

1. e4 c5 2. Nf3 e6 3. d4 cxd4 4. Nxd4 Nc6 5. Nc3 Qc7 6. Be3 a6 7. Qd2 Nf6 8. f3 Ne5 9. 0-0-0 Bb4 10. Nb3 b5 11. Bd4 0-0 12. Qg5 Bd6 13. Kb1 Ng6 14. Qd2 Be7 15. h4 Ne5 16. Qf2 d6 17. g4 Nfd7 18. f4 b4 19. Na4 Nxg4 20. Qg1 h5 21. Nb6 Rb8 22. Nxd7 Qxd7 23. Be2 f5 24. exf5 exf5 25. Ba7 Ra8 26. Bc5 Bb7 27. Rh3 a5 28. Qd4 Bg2 29. Rg3 Be4 30. Bxd6 Bxd6 31. Qxd6 Qxd6 32. Rxd6 Rfd8 33. Rxd8+ Rxd8 34. Kc1 Rc8 35. c4 Kf7 36. Nxa5 Ra8 37. Nb3 Rxa2 38. Nc5 Nf6 39. Nxe4 fxe4 40. Kc2 Ra1 41. Rg5 g6 42. f5 gxf5 43. Rxf5 Ke6 44. Rg5 Rh1 45. Bxh5 Rxh4 46. Be2 Rh2 47. Kd2 Kd6 48. Rb5 Ng4 49. Rxb4 Ke5 50. Rb8 Kd4 51. Rd8+ Kc5 52. Rd5+ Kc6 53. b4 Nf6 54. b5+ Kc7 55. Rf5 Nd7 56. c5 Rh3 57. Rf7 Kd8 58. Rxd7+ 1-0

[Event "Girona-ch"]
[Site "Banyoles"]
[Date "2016.10.16"]
[Round "4"]
[White "Lillo Ferrer, Josep Maria"]
[Black "Mayor Sanchez, Angel"]
[Result "0-1"]
[WhiteElo "2113"]
[BlackElo "1986"]
[PlyCount "137"]
[EventDate "2016.10.02"]
[EventType "swiss"]
[EventRounds "9"]
[EventCountry "ESP"]
[SourceTitle "EXT 2018"]
[Source "ChessBase"]
[SourceDate "2017.10.13"]
[SourceVersion "1"]
[SourceVersionDate "2017.10.13"]
[SourceQuality "1"]

1. e4 c5 2. Nc3 Nc6 3. f4 e6 4. Nf3 d5 5. Bb5 dxe4 6. Nxe4 Qb6 7. Bxc6+ Qxc6 8. d3 Be7 9. Ne5 Qc7 10. 0-0 Nf6 11. Qe2 b6 12. Ng5 0-0 13. b3 Nd5 14. Ne4 Bb7 15. Bb2 f6 16. c4 Nxf4 17. Rxf4 fxe5 18. Rg4 Rad8 19. Rg3 Bh4 20. Rh3 Bf6 21. Re1 Qe7 22. Qh5 Bxe4 23. Rxe4 g6 24. Qg4 Rd6 25. Qe2 Qg7 26. Rf3 Rfd8 27. Qf1 Rf8 28. Qf2 Rd7 29. Qg3 Rfd8 30. Rfe3 Rd6 31. Qg4 Qf7 32. Qe2 Qg7 33. a3 Qd7 34. Bxe5 Bxe5 35. Rxe5 Rxd3 36. Rxd3 Qxd3 37. Qxd3 Rxd3 38. b4 cxb4 39. axb4 Rc3 40. Rxe6 Rxc4 41. Re7 Rxb4 42. Rxa7 Rb2 43. h4 b5 44. Rb7 b4 45. Kh2 b3 46. Kg3 Rb1 47. Kg4 h6 48. Rb8+ Kf7 49. Rb7+ Kf8 50. Rb8+ Ke7 51. Rb7+ Kd8 52. h5 gxh5+ 53. Kxh5 b2 54. Kg6 h5 55. Kh6 h4 56. Kh5 Kc8 57. Rb4 Kc7 58. Rb3 Kc6 59. Rb8 Kd5 60. Rb4 Kc5 61. Rb8 Kd4 62. Rb3 Kc4 63. Rb8 Kd3 64. Rb3+ Ke2 65. Kxh4 Rh1+ 66. Kg5 b1Q 67. Rxb1 Rxb1 68. g4 Kf3 69. Kh5 0-1

[Event "Catalunya-ch Seniors"]
[Site "Vila Seca"]
[Date "2016.05.29"]
[Round "9"]
[White "Lillo Ferrer, Josep Maria"]
[Black "Marchador Villalba, Jordi"]
[Result "1-0"]
[WhiteElo "2107"]
[BlackElo "2026"]
[PlyCount "91"]
[EventDate "2016.05.21"]
[EventType "swiss"]
[EventRounds "9"]
[EventCountry "ESP"]
[SourceTitle "CBM 172 Extra"]
[Source "ChessBase"]
[SourceDate "2016.06.21"]
[SourceVersion "1"]
[SourceVersionDate "2016.06.21"]
[SourceQuality "1"]

1. e4 c5 2. d3 Nc6 3. g3 g6 4. Bg2 Bg7 5. f4 e6 6. Nf3 Nge7 7. 0-0 d5 8. c3 dxe4 9. dxe4 Qxd1 10. Rxd1 b6 11. Be3 0-0 12. Na3 Ba6 13. Bf1 Bxf1 14. Kxf1 Rad8 15. Ke2 Nc8 16. Nb5 Na5 17. Nd2 Rfe8 18. e5 Bf8 19. Ne4 Be7 20. b3 Rxd1 21. Rxd1 Rd8 22. Rxd8+ Bxd8 23. Kd3 a6 24. Na3 Be7 25. Nb1 Kg7 26. Nbd2 h6 27. Nf3 Nc6 28. Bf2 f5 29. exf6+ Bxf6 30. g4 Be7 31. Nfd2 Nd6 32. Nxd6 Bxd6 33. Ke4 Ne7 34. Nc4 Bc7 35. Ne3 Nd5 36. Nxd5 exd5+ 37. Kxd5 Bxf4 38. h4 Bd2 39. c4 h5 40. gxh5 gxh5 41. Kc6 Ba5 42. Kb7 Kg6 43. Kxa6 Bc3 44. Kxb6 Be5 45. Be1 Kf5 46. a4 1-0

[Event "Catalunya-ch Seniors"]
[Site "Vila Seca"]
[Date "2016.05.26"]
[Round "6"]
[White "Lillo Ferrer, Josep Maria"]
[Black "Dominguez Rueda, Juan"]
[Result "1/2-1/2"]
[WhiteElo "2107"]
[BlackElo "2051"]
[PlyCount "74"]
[EventDate "2016.05.21"]
[EventType "swiss"]
[EventRounds "9"]
[EventCountry "ESP"]
[SourceTitle "CBM 172 Extra"]
[Source "ChessBase"]
[SourceDate "2016.06.21"]
[SourceVersion "1"]
[SourceVersionDate "2016.06.21"]
[SourceQuality "1"]

1. e4 e5 2. Nf3 Nc6 3. Bb5 a6 4. Ba4 d6 5. Bxc6+ bxc6 6. d4 f6 7. Be3 Ne7 8. Nc3 Ng6 9. Qe2 Be7 10. 0-0-0 Be6 11. h4 Qb8 12. h5 Nf8 13. d5 cxd5 14. Nxd5 Bxd5 15. Rxd5 Ne6 16. Qc4 Qc8 17. Nh4 0-0 18. Ra5 Rf7 19. g3 Nd8 20. Nf5 Bf8 21. Rh4 Kh8 22. Rh1 c6 23. g4 Rc7 24. Bb6 Rd7 25. Rd1 Qb7 26. Be3 Rb8 27. b3 Ra8 28. f3 Qc8 29. Kb1 Qb7 30. Nh4 Nf7 31. Qe6 Re7 32. Qc4 Rd7 33. Bc1 Qc8 34. Ba3 Qb7 35. Bc1 Qb6 36. Qc3 d5 37. Ra4 d4 1/2-1/2

[Event "Figueres op-A 16th"]
[Site "Figueres"]
[Date "2015.08.11"]
[Round "1"]
[White "Lillo Ferrer, Josep Maria"]
[Black "Stella, Andrea"]
[Result "1/2-1/2"]
[WhiteElo "2059"]
[BlackElo "2423"]
[PlyCount "69"]
[EventDate "2015.08.11"]
[EventType "swiss"]
[EventRounds "9"]
[EventCountry "ESP"]
[SourceTitle "EXT 2016"]
[Source "ChessBase"]
[SourceDate "2015.10.08"]
[SourceVersion "1"]
[SourceVersionDate "2015.10.08"]
[SourceQuality "1"]

1. d4 Nf6 2. Nf3 g6 3. Nc3 d5 4. Bf4 Bg7 5. e3 c5 6. Be2 0-0 7. 0-0 cxd4 8. exd4 Nc6 9. Ne5 Bf5 10. Nxc6 bxc6 11. Be5 Bh6 12. Bxf6 exf6 13. Bd3 Bxd3 14. Qxd3 Rb8 15. b3 Re8 16. Rfe1 Qa5 17. Rxe8+ Rxe8 18. g3 f5 19. Na4 Bf8 20. Kf1 Re4 21. c3 f4 22. g4 Qd8 23. Re1 Qe7 24. Re2 Qe6 25. f3 Re3 26. Rxe3 fxe3 27. Qe2 Bd6 28. Nb2 f5 29. h3 fxg4 30. hxg4 h5 31. gxh5 Qh3+ 32. Kg1 Qg3+ 33. Kf1 Qh3+ 34. Kg1 Qg3+ 35. Kf1 1/2-1/2

[Event "Benidorm op U2300 13th"]
[Site "Benidorm"]
[Date "2014.12.01"]
[Round "4"]
[White "Lillo Ferrer, Josep Maria"]
[Black "Penafiel Lopez, Juan"]
[Result "1/2-1/2"]
[WhiteElo "2040"]
[BlackElo "2011"]
[PlyCount "60"]
[EventDate "2014.11.28"]
[EventType "swiss"]
[EventRounds "10"]
[EventCountry "ESP"]
[SourceTitle "CBM 163 Extra"]
[Source "ChessBase"]
[SourceDate "2014.12.23"]
[SourceVersion "1"]
[SourceVersionDate "2014.12.23"]
[SourceQuality "1"]

1. e4 e6 2. d3 b6 3. g3 Bb7 4. Bg2 Nf6 5. f4 Be7 6. Nf3 d5 7. e5 Nfd7 8. 0-0 c5 9. c3 Nc6 10. Na3 a6 11. Nc2 Qc7 12. Be3 h5 13. h3 0-0-0 14. d4 c4 15. b4 Rdg8 16. Qd2 Nd8 17. g4 hxg4 18. hxg4 f6 19. Rae1 Nf8 20. Kf2 Nf7 21. Rh1 Nh6 22. Bh3 Kb8 23. Ke2 Bc8 24. Reg1 Nf7 25. Qd1 g5 26. exf6 Bxf6 27. fxg5 Nxg5 28. Nxg5 Bxg5 29. Qd2 Bxe3 30. Nxe3 Ng6 1/2-1/2

[Event "Seville op 39th"]
[Site "Seville"]
[Date "2014.01.17"]
[Round "8"]
[White "Lillo Ferrer, Josep Maria"]
[Black "Delgado Serrano, Angel"]
[Result "1/2-1/2"]
[WhiteElo "2047"]
[BlackElo "2136"]
[PlyCount "22"]
[EventDate "2014.01.10"]
[EventType "swiss"]
[EventRounds "9"]
[EventCountry "ESP"]
[SourceTitle "CBM 158 Extra"]
[Source "ChessBase"]
[SourceDate "2014.02.28"]
[SourceVersion "1"]
[SourceVersionDate "2014.02.28"]
[SourceQuality "1"]

1. e4 c5 2. d3 e6 3. f4 d5 4. Be2 dxe4 5. dxe4 Qxd1+ 6. Bxd1 Nc6 7. Nf3 Nf6 8. Nc3 Be7 9. Be3 0-0 10. Be2 Rd8 11. Rd1 Rxd1+ 1/2-1/2

[Event "Seville op 39th"]
[Site "Seville"]
[Date "2014.01.13"]
[Round "4"]
[White "Sgnaolin, Davide"]
[Black "Lillo Ferrer, Josep Maria"]
[Result "1-0"]
[WhiteElo "2221"]
[BlackElo "2047"]
[PlyCount "87"]
[EventDate "2014.01.10"]
[EventType "swiss"]
[EventRounds "9"]
[EventCountry "ESP"]
[SourceTitle "CBM 158 Extra"]
[Source "ChessBase"]
[SourceDate "2014.02.28"]
[SourceVersion "1"]
[SourceVersionDate "2014.02.28"]
[SourceQuality "1"]

1. c4 e5 2. g3 d6 3. Bg2 f5 4. Nc3 Nf6 5. d3 Be7 6. e4 c6 7. Nge2 0-0 8. 0-0 Na6 9. h3 fxe4 10. dxe4 Be6 11. b3 Qa5 12. Bd2 Qc7 13. Rc1 Rad8 14. Nd5 Nxd5 15. cxd5 Bd7 16. dxc6 bxc6 17. Nc3 Qb7 18. Be3 Nc7 19. Qe2 c5 20. f4 exf4 21. Bxf4 Bc6 22. Qc4+ Kh8 23. Rfe1 g5 24. Be3 Bf6 25. Rf1 h6 26. h4 gxh4 27. Bxh6 Bg7 28. Bxg7+ Kxg7 29. gxh4 Qc8 30. b4 Qe6 31. Nd5 Nxd5 32. exd5 Qe3+ 33. Kh1 Rxf1+ 34. Rxf1 Bd7 35. bxc5 dxc5 36. Rf3 Qe1+ 37. Rf1 Qe3 38. Rf3 Qe1+ 39. Kh2 Qe5+ 40. Rg3+ Kh8 41. Qxc5 Kh7 42. Qxa7 Qe7 43. Qd4 Re8 44. Be4+ 1-0

[Event "Benidorm op U2300 12th"]
[Site "Benidorm"]
[Date "2013.12.06"]
[Round "9"]
[White "Sanchez Dengra, Barbara"]
[Black "Lillo Ferrer, Josep Maria"]
[Result "1/2-1/2"]
[WhiteElo "1905"]
[BlackElo "2062"]
[PlyCount "36"]
[EventDate "2013.11.29"]
[EventType "swiss"]
[EventRounds "10"]
[EventCountry "ESP"]
[SourceTitle "CBM 157 Extra"]
[Source "ChessBase"]
[SourceDate "2013.12.19"]
[SourceVersion "1"]
[SourceVersionDate "2013.12.19"]
[SourceQuality "1"]

1. e4 g6 2. d4 Bg7 3. Nc3 d6 4. f4 Nf6 5. Bd3 e5 6. dxe5 dxe5 7. f5 gxf5 8. exf5 e4 9. Nxe4 Bxf5 10. Nxf6+ Qxf6 11. Qe2+ Be6 12. Nf3 Nc6 13. 0-0 0-0-0 14. c3 Bg4 15. Bg5 Bxf3 16. Bxf6 Bxe2 17. Bxe2 Bxf6 18. Rxf6 Ne5 1/2-1/2

[Event "Andorra op 30th"]
[Site "La Massana"]
[Date "2012.07.21"]
[Round "1"]
[White "Lillo Ferrer, Josep Maria"]
[Black "Georgiev, Kiril"]
[Result "0-1"]
[WhiteElo "2127"]
[BlackElo "2680"]
[PlyCount "48"]
[EventDate "2012.07.21"]
[EventType "swiss"]
[EventRounds "9"]
[EventCountry "AND"]
[SourceTitle "CBM 149 Extra"]
[Source "ChessBase"]
[SourceDate "2012.08.24"]
[SourceVersion "1"]
[SourceVersionDate "2012.08.24"]
[SourceQuality "1"]

1. g3 d5 2. Bg2 e5 3. d3 Nc6 4. Nd2 Nf6 5. a3 Bc5 6. e3 a5 7. b3 Bg4 8. Ne2 Qd7 9. h3 Be6 10. Bb2 Bd6 11. c4 0-0 12. Qc2 Rfe8 13. Nf3 d4 14. e4 Nxe4 15. dxe4 d3 16. Qd1 dxe2 17. Qxe2 f6 18. h4 a4 19. b4 Nxb4 20. 0-0-0 Na6 21. Ne1 Qc6 22. Rd5 b5 23. Kc2 bxc4 24. Bc3 Nc5 0-1

[Event "San Sebastian op 34th"]
[Site "San Sebastian"]
[Date "2011.04.17"]
[Round "2"]
[White "Lillo Ferrer, Josep Maria"]
[Black "Kalegin, Evgenij"]
[Result "0-1"]
[WhiteElo "2151"]
[BlackElo "2473"]
[PlyCount "120"]
[EventDate "2011.04.16"]
[EventType "swiss"]
[EventRounds "9"]
[EventCountry "ESP"]
[SourceTitle "CBM 141 Extra"]
[Source "ChessBase"]
[SourceDate "2011.05.03"]
[SourceVersion "1"]
[SourceVersionDate "2011.05.03"]
[SourceQuality "1"]

1. d4 d6 2. e4 a6 3. a4 g6 4. Nf3 Bg7 5. Bd3 e5 6. Bg5 Ne7 7. dxe5 dxe5 8. 0-0 h6 9. Be3 0-0 10. Na3 Nbc6 11. c3 Be6 12. Qe2 Qc8 13. Bc4 b6 14. Rad1 Bxc4 15. Qxc4 Na5 16. Qa2 Qe8 17. Nc4 Nxc4 18. Qxc4 Qc6 19. Qxc6 Nxc6 20. Rd7 Rac8 21. Rfd1 Rfd8 22. Kf1 Kf8 23. Rxd8+ Rxd8 24. Rxd8+ Nxd8 25. Nd2 Ke7 26. Nc4 f5 27. g3 Ne6 28. f3 f4 29. Bf2 h5 30. g4 hxg4 31. fxg4 g5 32. Ke2 Kd7 33. b4 Bf6 34. Kd3 Nd8 35. a5 b5 36. Nd2 Be7 37. Nf3 Nf7 38. Nd2 c5 39. bxc5 Kc6 40. Nb3 Nd8 41. c4 b4 42. Be1 Bxc5 43. h4 gxh4 44. Bxh4 Ne6 45. Nd2 Bd6 46. Bf6 Nc5+ 47. Kc2 Kd7 48. Bh4 Ne6 49. Kd3 Nc5+ 50. Kc2 Ne6 51. Kd3 Be7 52. Bf2 Bc5 53. Bh4 Bd4 54. Nb3 Nc5+ 55. Nxc5+ Bxc5 56. Be1 f3 57. Bg3 Ke6 58. g5 f2 59. Ke2 b3 60. g6 b2 0-1

[Event "Benidorm op U2300 08th"]
[Site "Benidorm"]
[Date "2009.12.02"]
[Round "5"]
[White "Picazo Lopez, Juan Antonio"]
[Black "Lillo Ferrer, Josep Maria"]
[Result "0-1"]
[WhiteElo "2226"]
[BlackElo "2171"]
[PlyCount "138"]
[EventDate "2009.11.28"]
[EventType "swiss"]
[EventRounds "10"]
[EventCountry "ESP"]
[SourceTitle "CBM 133 Extra"]
[Source "ChessBase"]
[SourceDate "2010.01.05"]
[SourceVersion "1"]
[SourceVersionDate "2010.01.05"]
[SourceQuality "1"]

1. d4 d6 2. c4 e5 3. Nf3 e4 4. Ng5 f5 5. g3 c6 6. Bg2 Be7 7. Nh3 Nf6 8. 0-0 Nbd7 9. Nc3 Nb6 10. b3 d5 11. cxd5 Nbxd5 12. Nxd5 Nxd5 13. Bb2 0-0 14. Nf4 Nxf4 15. gxf4 Be6 16. f3 exf3 17. Bxf3 Bd5 18. e3 Qd7 19. Rc1 Rad8 20. Rc2 Qe6 21. Qc1 Rfe8 22. Rg2 Bb4 23. Bxd5 cxd5 24. Rf3 Rc8 25. Rc2 Rxc2 26. Qxc2 Rc8 27. Qd3 a6 28. Rg3 Be7 29. Rg2 Rc6 30. Re2 Qc8 31. Rg2 Kf7 32. Qd1 Rg6 33. Qh5 Qe6 34. Qf3 Qe4 35. Qxe4 fxe4 36. Rxg6 Kxg6 37. Bc3 b6 38. Kg2 Kf5 39. Be1 Kg4 40. a4 Ba3 41. Bd2 Kf5 42. Kg3 Bb2 43. Kh4 g6 44. Kg3 Ba3 45. b4 Bb2 46. Kh4 h6 47. h3 Ba3 48. Kg3 Bb2 49. Kf2 g5 50. fxg5 Kxg5 51. Kg3 Ba3 52. h4+ Kf5 53. Be1 Bc1 54. Kf2 b5 55. axb5 axb5 56. Ke2 h5 57. Bf2 Kg4 58. Be1 Kh3 59. Bf2 Kg2 60. Be1 Bb2 61. Bd2 Kg3 62. Be1+ Kg4 63. Kd2 Kf3 64. Kc2 Ke2 65. Bd2 Ba3 66. Bc3 Kxe3 67. Bd2+ Ke2 68. Bc3 e3 69. Kb3 Kd3 0-1